000 00620nam a2200181 4500
001 115897
003 ES-MaACL
005 20231228173809.0
007 t|
008 061121s1943 sp r ||||1| spa d
100 1 _aOrs, Eugenio d',
_d1881-1954
_987358
245 1 0 _aTres lecciones en el Museo del Prado
_b: de introducción a la crítica de arte /
_cEugenio d'Ors ; cubierta de Felics Topolski.
260 _aMadrid :
_bEdiciones Españolas,
_c[1943?]
300 _a223 p., 53 lám. ;
_c16 cm.
700 1 _aTopolski, Felics.
_9110602
852 _aES-MaACL
_jF-15804
_bR.20541
999 _c115897
_d115897